| 000 | 00443pab a2200157 454500 | ||
|---|---|---|---|
| 008 | 180718b1999 xxu||||| |||| 00| 0 eng d | ||
| 100 | _aBreman, Jan | ||
| 245 | _aThe study of industrial labour in post-colonial India - the formal sector: an introductory review | ||
| 260 | _c1999 | ||
| 300 | _ap.1-41 | ||
| 362 | _aJan-Aug | ||
| 650 | _aLabour - India | ||
| 650 | _aLabour | ||
| 773 | _aContributions to Indian Sociology | ||
| 909 | _a42606 | ||
| 999 |
_c42606 _d42606 |
||